000 00897nam a2200253Ia 4500
003 OSt
005 20220923213936.0
006 a|||||r|||| 00| 0
007 ta
008 220922b |||||||| |||| 00| 0 hin d
024 _a165,729
037 _cTextual
040 _aARTS
_cARTS
_bhin
041 _2hin
_ahin
082 _aO152,1J32,11:g, L3
100 _aअग्रवाल, रामेश्वर दयाल
245 0 _aकम्बरामायण और रामचरितमानस
246 _aKambarāmāyaṇ aur rāmacharitamānasa
260 _aमेरठ
_b कल्पना प्रकाशन
_c1973
300 _a455पृ.
_ccm.
650 _aहिन्दी साहित्य
_9156264
942 _hO152,1J32,11:g, L3
_cTEXL
_2CC
999 _c320208
_d320208